000 00648nam a2200217Ia 4500
005 20230313083908.0
008 131103s9999 xx 000 0 und d
040 _aLoreto College
041 _aEnglish
082 _a822.33
_bSHA-LAW
100 _aLawrence,William Witherle
245 _aShakespeare's problem comedies
_cWilliam Witherle Lawrence
260 _aHarmondsworth
_bPenguin Books
_c1969
300 _a224 p.
440 _aPenguin Shakespeare Library
504 _aIncludes bibliographical references and index
650 _aShakespeare,William - Comedy - Criticism
651 _aEnglish Drama
850 _aLCLIB
942 _cBK
999 _c4814
_d55293